As 10 economias mais inovadoras do mundo - Statistics

Estatísticas Gerais
  • Esse quiz foi jogado 116 vezes
  • A pontuação média é 6 de 10
Estatísticas das Respostas
Hint Resposta % Correto
3 Estados Unidos
95%
8 Alemanha
76%
10 Coréia do Sul
74%
2 Suécia
66%
1 Suíça
65%
4 Reino Unido
64%
6 Finlândia
54%
9 Dinamarca
52%
7 Holanda
45%
5 Singapura
40%
Nenhum quiz correspondente encontrado
Distribuição das Pontuações
Porcentagem de Pessoas com Cada Pontuação
Percentil de Números Respondidos
Sua Pontuação Histórica
Você não jogou esse quiz